CAPITAL STRUCTURE DETERMINANTS : EVIDENCE FROM KSE (Record no. 526852)

000 -LEADER
fixed length control field 00460nam a22001697a 4500
003 - CONTROL NUMBER IDENTIFIER
control field NUST
038 ## - RECORD CONTENT LICENSOR
Staff Name Mr. Zahoor
082 ## - DEWEY DECIMAL CLASSIFICATION NUMBER
Classification number 658
100 ## - MAIN ENTRY--PERSONAL NAME
Personal name AFRIDI, IMRAN KHAN
9 (RLIN) 17846
245 ## - TITLE STATEMENT
Title CAPITAL STRUCTURE DETERMINANTS : EVIDENCE FROM KSE
Statement of responsibility, etc. IMRAN KHAN AFRIDI
260 ## - PUBLICATION, DISTRIBUTION, ETC.
Place of publication, distribution, etc. Islamabad :
Name of publisher, distributor, etc. NBS - NUST,
Date of publication, distribution, etc. 2013.
300 ## - PHYSICAL DESCRIPTION
Extent 28 p. : ill. ;
500 ## - GENERAL NOTE
General note Hardcover.
650 ## - SUBJECT ADDED ENTRY--TOPICAL TERM
Topical term or geographic name entry element HRM - MBA Thesis
9 (RLIN) 17537
700 ## - ADDED ENTRY--PERSONAL NAME
Personal name Sir Fazli Azim
9 (RLIN) 17847
942 ## - ADDED ENTRY ELEMENTS (KOHA)
Source of classification or shelving scheme
Koha item type Thesis
Holdings
Withdrawn status Lost status Source of classification or shelving scheme Damaged status Not for loan Permanent Location Current Location Shelving location Date acquired Full call number Barcode Date last seen Price effective from Koha item type
          Central Library (CL) Central Library (CL) Thesis 07/17/2019 658 CL-T-2603 07/17/2019 07/17/2019 Thesis
© 2023 Central Library, National University of Sciences and Technology. All Rights Reserved.